Получение нитрида вольфрама методом самораспространяющегося высокотемпературного синтеза; Ломоносов-2006; Т. IV : Биоинженерия и биоинформатика. Математика и механика. Философия. Фундаментальное материаловедение. Фундаментальная медицина

Dades bibliogràfiques
Parent link:Ломоносов-2006: материалы XIII Международной научной конференции студентов, аспирантов и молодых ученых, Москва, 12-15 апреля 2006 г..— , 2006
Т. IV : Биоинженерия и биоинформатика. Математика и механика. Философия. Фундаментальное материаловедение. Фундаментальная медицина.— 2006.— С. 468
Autor principal: Толбанова Л. О. Людмила Олеговна
Altres autors: Годымчук А. Ю. Анна Юрьевна
Sumari:В фонде НТБ ТПУ отсутствует
Idioma:rus
Publicat: 2006
Matèries:
Format: MixedMaterials Capítol de llibre
KOHA link:https://koha.lib.tpu.ru/cgi-bin/koha/opac-detail.pl?biblionumber=598020

MARC

LEADER 00000naa0a2200000 4500
001 598020
005 20250220161107.0
035 |a (RuTPU)RU\TPU\tpu\21494 
035 |a RU\TPU\tpu\21493 
090 |a 598020 
100 |a 20120613d2006 k y0rusy50 ca 
101 0 |a rus 
102 |a RU 
200 1 |a Получение нитрида вольфрама методом самораспространяющегося высокотемпературного синтеза  |f Л. О. Толбанова, А. Ю. Годымчук 
320 |a Библиогр.: 3 назв. 
333 |a В фонде НТБ ТПУ отсутствует 
461 |t Ломоносов-2006  |o материалы XIII Международной научной конференции студентов, аспирантов и молодых ученых, Москва, 12-15 апреля 2006 г.  |d 2006 
463 |t Т. IV : Биоинженерия и биоинформатика. Математика и механика. Философия. Фундаментальное материаловедение. Фундаментальная медицина  |v С. 468  |d 2006 
610 1 |a труды учёных ТПУ 
700 1 |a Толбанова  |b Л. О.  |c химик  |c доцент Томского политехнического университета, кандидат технических наук  |f 1982-  |g Людмила Олеговна  |3 (RuTPU)RU\TPU\pers\25503 
701 1 |a Годымчук  |b А. Ю.  |c специалист в области нанотехнологий и наноматериалов  |c доцент Томского политехнического университета, кандидат технических наук  |f 1978-  |g Анна Юрьевна  |3 (RuTPU)RU\TPU\pers\26193  |4 070  |9 12001 
801 1 |a RU  |b 63413507  |c 20120613 
801 2 |a RU  |b 63413507  |c 20120613  |g RCR 
942 |c BK